000 00545nam a2200217 i 4500
001 37777
003 ES-MaACL
005 20230906155636.0
007 t|
008 030221s1986 ve ||||1| spa d
020 _a980-01-0045-8
100 1 _aCadenas, Rafael.
_933384
245 1 0 _aMemorial /
_cRafael Cadenas.
250 _a2ยช ed.
260 _aCaracas :
_bMonte Avila,
_c1986.
300 _a195 p. ;
_c20 cm.
490 1 _aAltazor
830 0 _aAltazor
_9181738
852 _aES-MaACL
_jL-12687
_bR.112997
999 _c37777
_d37777